000 00620nam a22001817a 4500
005 20260210102538.0
008 250721s2014 xx 000 0 ara d
020 _a9789957305734
082 1 4 _aق
_bض م و
100 1 _aالضمور، فتحي احمد مصطفى
_eمؤلف.
245 1 0 _aابعد من ذلك :
_bقصص قصيرة /
_cفتحي الضمور.
264 3 1 _aعمان :
_bدار فضاءات للنشر والتوزيع،
_c2014.
300 _a123صفحة.
650 1 7 _aالادب العربي.
650 1 7 _aالقصص القصيرة.
942 _2ddc
_cBK
999 _c130911
_d130911